000 00758cam a22002413a 4500
001 30144
003 PGUSA
005 20140828083642.0
008 091001s2009||||xxu|||||s|||||000 | eng d
040 _aPGUSA
_beng
042 _adc
050 4 _aDC
100 1 _aRobespierre, Maximilien,
_d1758-1794
245 1 0 _aDiscours par Maximilien Robespierre — 21 octobre 1789-1er juillet 1794
_h[electronic resource] /
_cMaximilien Robespierre
260 _bProject Gutenberg,
_c2009
506 _aPublic domain in the USA.
516 _aElectronic text
653 _aFrance -- History -- Revolution, 1789-1799
700 1 _aLaponneraye,
_d1808-1849
830 0 _aProject Gutenberg
_v30144
856 4 0 _uhttp://www.gutenberg.org/ebooks/30144
942 _cEB
999 _c259399
_d259399